Πατήστε τις Χώρες της Ευρώπης το 1955 - Statistics

General Stats
  • This quiz has been taken 12 times
  • The average score is 31 of 32
Answers on the Map
Answers color-coded by a green-red scale on the quiz's map according to % correct below.
 
Answer Stats
Answer % Correct
Αλβανία
100%
Βουλγαρία
100%
Δανία
100%
Ανατολική Γερμανία
100%
Φινλανδία
100%
Γαλλία
100%
Ελλάδα
100%
Ουγγαρία
100%
Ισλανδία
100%
Ιρλανδία
100%
Ιταλία
100%
Μονακό
100%
Ολλανδία
100%
Νορβηγία
100%
Πολωνία
100%
Πορτογαλία
100%
Σοβιετική Ένωση
100%
Ισπανία
100%
Σουηδία
100%
Ελβετία
100%
Ηνωμένο Βασίλειο
100%
Γιουγκοσλαβία
100%
Ανδόρρα
90%
Αυστρία
90%
Βέλγιο
90%
Τσεχοσλοβακία
90%
Λίχτενσταϊν
90%
Ρουμανία
90%
Άγιος Μαρίνος
90%
Δυτική Γερμανία
90%
Βατικανό
80%
Λουξεμβούργο
60%
No matching quizzes found
Score Distribution
Percent of People with Each Score
Percentile by Number Answered
Your Score History
You have not taken this quiz